Neural Networks And Fuzzy Logic (Record no. 354073)

MARC details
000 -LEADER
fixed length control field 00376nam a2200145Ia 4500
008 - FIXED-LENGTH DATA ELEMENTS--GENERAL INFORMATION
fixed length control field 230719s9999 xx 000 0 und d
041 ## - LANGUAGE CODE
Language code of text/sound track or separate title eng
082 ## - DEWEY DECIMAL CLASSIFICATION NUMBER
Classification number 006.32
Item number DAS
100 ## - MAIN ENTRY--PERSONAL NAME
Personal name Das R.P.
9 (RLIN) 203729
245 ## - TITLE STATEMENT
Title Neural Networks And Fuzzy Logic
260 ## - PUBLICATION, DISTRIBUTION, ETC. (IMPRINT)
Date of publication, distribution, etc. 2012
Name of publisher, distributor, etc. S.K. Kataria & Sons
300 ## - PHYSICAL DESCRIPTION
Extent 244
365 ## - TRADE PRICE
Currency code Rs.
Price amount 92.00
700 ## - ADDED ENTRY--PERSONAL NAME
Personal name Das R.P. & Shreedhar L.
9 (RLIN) 203730
Holdings
Withdrawn status Lost status Damaged status Not for loan Home library Current library Shelving location Date acquired Vendor Cost, normal purchase price Full call number Barcode Date last seen Cost, replacement price Bill Date Koha item type Original Barcode
        Cummins College of Engineering for Women Pune Cummins College of Engineering for Women Pune Donated Book 10/12/2012 Masurkar Enterprises 92.00 006.32 CCEP-DB-278 19/07/2023 92.00 19/07/2023 Books D00278